Aptimithra: your friend for cracking aptitude tests (Record no. 211977)
[ view plain ]
| 000 -LEADER | |
|---|---|
| fixed length control field | 00588nam a2200181Ia 4500 |
| 008 - FIXED-LENGTH DATA ELEMENTS--GENERAL INFORMATION | |
| fixed length control field | 210719s2016 xx 000 0 und d |
| 020 ## - INTERNATIONAL STANDARD BOOK NUMBER | |
| International Standard Book Number | 978-1-25-905873-8 |
| 041 ## - LANGUAGE CODE | |
| Language code of text/sound track or separate title | eng |
| 082 ## - DEWEY DECIMAL CLASSIFICATION NUMBER | |
| Classification number | 658.002 ETHA |
| 100 ## - MAIN ENTRY--PERSONAL NAME | |
| Personal name | ETHNUS CONSULTANCY SERVICES PVT. LTD. |
| 245 ## - TITLE STATEMENT | |
| Title | Aptimithra: your friend for cracking aptitude tests |
| 260 ## - PUBLICATION, DISTRIBUTION, ETC. | |
| Place of publication, distribution, etc. | New Delhi |
| Name of publisher, distributor, etc. | McGraw Hill Education (India) Private Limited |
| Date of publication, distribution, etc. | 2016 |
| 300 ## - PHYSICAL DESCRIPTION | |
| Extent | ix,484 |
| Other physical details | PB |
| 365 ## - TRADE PRICE | |
| Price amount | 575 |
| Currency code | Rs |
| 650 ## - SUBJECT ADDED ENTRY--TOPICAL TERM | |
| Topical term or geographic name entry element | Management |
| 650 ## - SUBJECT ADDED ENTRY--TOPICAL TERM | |
| Topical term or geographic name entry element | Management Entrance |
| 906 ## - LOCAL DATA ELEMENT F, LDF (RLIN) | |
| a | Aptimithra: ; aptitude ; cracking ; for ; friend ; tests ; your |
| Withdrawn status | Lost status | Damaged status | Not for loan | Collection code | Home library | Current library | Date acquired | Source of acquisition | Cost, normal purchase price | Total Checkouts | Full call number | Barcode | Date last seen | Date last checked out | Cost, replacement price | Price effective from | Koha item type |
|---|---|---|---|---|---|---|---|---|---|---|---|---|---|---|---|---|---|
| St Aloysius Library | St Aloysius Library | 03/06/2021 | Biblios Book Point, Surathkal-575014 | General Annual | 575.00 | 3 | 658.002 ETHA | 074791 | 09/12/2025 | 09/02/2025 | 460.00 | 07/19/2021 | Book |